<?xml version="1.0" encoding="UTF-8"?><?xml-stylesheet type="text/xsl" href="static/style.xsl"?><OAI-PMH xmlns="http://www.openarchives.org/OAI/2.0/" xmlns:xsi="http://www.w3.org/2001/XMLSchema-instance" xsi:schemaLocation="http://www.openarchives.org/OAI/2.0/ http://www.openarchives.org/OAI/2.0/OAI-PMH.xsd"><responseDate>2026-06-29T02:45:07Z</responseDate><request verb="GetRecord" identifier="oai:docta.ucm.es:20.500.14352/126147" metadataPrefix="marc">https://docta.ucm.es/rest/oai/request</request><GetRecord><record><header><identifier>oai:docta.ucm.es:20.500.14352/126147</identifier><datestamp>2025-11-18T01:02:40Z</datestamp><setSpec>com_20.500.14352_14</setSpec><setSpec>col_20.500.14352_15</setSpec></header><metadata><record xmlns="http://www.loc.gov/MARC21/slim" xmlns:dcterms="http://purl.org/dc/terms/" xmlns:xsi="http://www.w3.org/2001/XMLSchema-instance" xmlns:doc="http://www.lyncode.com/xoai" xsi:schemaLocation="http://www.loc.gov/MARC21/slim http://www.loc.gov/standards/marcxml/schema/MARC21slim.xsd">
   <leader>00925njm 22002777a 4500</leader>
   <datafield ind2=" " ind1=" " tag="042">
      <subfield code="a">dc</subfield>
   </datafield>
   <datafield ind2=" " ind1=" " tag="720">
      <subfield code="a">Segoviano Monterrubio, Soledad</subfield>
      <subfield code="e">author</subfield>
   </datafield>
   <datafield ind2=" " ind1=" " tag="260">
      <subfield code="c">2007</subfield>
   </datafield>
   <datafield ind2=" " ind1=" " tag="520">
      <subfield code="a">Los cambios iniciados en los años noventa con el fin de la Guerra Fría y los desafíos, riesgos e incertidumbres del panorama internacional tras los atentados del 11-S, vienen condicionando la evolución de las estructuras de seguridad y defensa sobre las que se asientan las democracias occidentales, lideradas por EEUU, Gran Bretaña y Francia. En el contexto de la sociedad internacional actual, sólo estos tres países disponen de la voluntad política y de las capacidades económicas, demográficas y militares para ejercer un liderazgo estratégico que garantice los intereses de seguridad y estabilidad de las sociedades occidentales. El estudio de las doctrinas estratégicas de los tres países aliados resulta crucial para entender sus respectivos procesos de transformación político-militar con el fin de adaptarse a los nuevos desafíos del panorama estratégico del siglo XXI</subfield>
   </datafield>
   <datafield ind1="8" ind2=" " tag="024">
      <subfield code="a">Segoviano Monterrubio, Soledad: "Estados Unidos, Gran Bretaña y Francia, un estudio del pensamiento estratégico", Papeles de Cuestiones Internacionales, Nº 98, Verano 2007, pp. 101-118</subfield>
   </datafield>
   <datafield ind1="8" ind2=" " tag="024">
      <subfield code="a">1885-799X</subfield>
   </datafield>
   <datafield ind1="8" ind2=" " tag="024">
      <subfield code="a">https://hdl.handle.net/20.500.14352/126147</subfield>
   </datafield>
   <datafield ind1="8" ind2=" " tag="024">
      <subfield code="a">https://www.fuhem.es/papeles_articulo/eeuu-gran-bretana-y-francia-un-estudio-del-pensamiento-estrategico/</subfield>
   </datafield>
   <datafield ind1="8" ind2=" " tag="024">
      <subfield code="a">https://www.fuhem.es/product/papeles-de-cuestiones-internacionales-numero-98-verano-2007/</subfield>
   </datafield>
   <datafield ind1="8" ind2=" " tag="024">
      <subfield code="a">https://www.fuhem.es/papeles/papeles-numero-98/</subfield>
   </datafield>
   <datafield ind2="0" ind1="0" tag="245">
      <subfield code="a">EEUU, Gran Bretaña y Francia un estudio del pensamiento estratégico</subfield>
   </datafield>
</record></metadata></record></GetRecord></OAI-PMH>